African Flag to Country Click Quiz - Statistics

General Stats
  • This quiz has been taken 918 times
  • The average score is 41 of 54
Answer Stats
Hint Answer % Correct
Morocco
89%
Egypt
88%
Kenya
88%
South Africa
88%
Algeria
87%
Angola
87%
Ivory Coast
87%
Tunisia
87%
Nigeria
86%
Somalia
85%
Liberia
84%
Seychelles
84%
Uganda
83%
Chad
82%
Ethiopia
82%
Botswana
81%
Niger
81%
Eswatini
79%
Lesotho
79%
Mozambique
79%
Tanzania
79%
Cape Verde
78%
Libya
77%
Madagascar
77%
Zambia
77%
Central African Republic
76%
D. R. Congo
76%
Eritrea
76%
Malawi
76%
Sudan
76%
Burundi
75%
Zimbabwe
75%
Cameroon
74%
Djibouti
74%
Ghana
74%
Mauritania
74%
South Sudan
74%
Burkina Faso
73%
Comoros
71%
Equatorial Guinea
71%
Rwanda
71%
São Tomé and Príncipe
71%
Mauritius
70%
Namibia
69%
Togo
69%
Gabon
68%
Sierra Leone
68%
Benin
67%
Gambia
66%
Republic of the Congo
65%
Senegal
65%
Mali
62%
Guinea-Bissau
61%
Guinea
57%
No matching quizzes found
Score Distribution
Percent of People with Each Score
Percentile by Number Answered
Your Score History
You have not taken this quiz